| 000 -ლიდერი |
| ფიქსირებული სიგრძის საკონტროლო ველი |
00896nam a2200217Ia 4500 |
| 001 - საკონტროლო ნომერი |
| საკონტროლო ველი |
6006 |
| 003 - საკონტროლო ნომრის იდენტიფიკატორი |
| საკონტროლო ველი |
GE_BSU |
| 005 - ბოლო ოპერაციის თარიღი და დრო |
| საკონტროლო ველი |
20190529203155.0 |
| 008 - ფიქსირებული სიგრძის მონაცემთა ელემენტები - ზოგადი ინფორმაცია |
| ფიქსირებული სიგრძის საკონტროლო ველი |
181216s1969||||ge |||||||||||||| ||geo|| |
| 040 ## - კატალოგიზაციის წყარო |
| Transcribing agency |
GE_BSU |
| 041 ## - ენის კოდი |
| Language code of text/sound track or separate title |
geo |
| 080 ## - უნივერსალური ათობითი კლასიფიკაციის ინდექსი |
| Universal Decimal Classification number |
54(075.8)+546(075.8) გ-44 |
| 100 ## - მთავარი ჩანაწერი - პიროვნების სახელი |
| Personal name |
გვარამაძე, დ |
| 9 (RLIN) |
1766 |
| 245 ## - ცნობა სათაურის შესახებ |
| Title |
ზოგადი (არაორგანული) ქიმიის სახელმძღვანელო : პირველი ნაწილი / |
| Statement of responsibility, etc |
დ. გვარამაძე ; რედ : პ. გოგრიშვილი. |
| 264 ## - წარმოების, გამოცემის, დისტრიბუციის და სხვა ცნობები |
| გამოცემის, წარმოების, დისტრიბუციის... ადგილი |
თბილისი : |
| გამოცემის, წარმოების, დისტრიბუციის... სახელწოდება |
განათლება, |
| გამოცემის, წარმოების, დისტრიბუციის... თარიღი |
1975. |
| 300 ## - ფიზიკური აღწერა |
| Extent |
396 გვ .: |
| Dimensions |
22 სმ. |
| 653 ## - INDEX TERM--UNCONTROLLED |
| Uncontrolled term |
ზოგადი ქიმია |
| 653 ## - INDEX TERM--UNCONTROLLED |
| Uncontrolled term |
ქიმია |
| 700 ## - ADDED ENTRY--PERSONAL NAME |
| Personal name |
გოგრიშვილი, პ |
| Relator term |
რედაქტორი |
| 9 (RLIN) |
1817 |
| 942 ## - ADDED ENTRY ELEMENTS (KOHA) |
| Koha item type |
წიგნი |
| Source of classification or shelving scheme |
|